Ant-Man and the Wasp: Quantumania cast (SPOILERS) - Statistics

General Stats
  • This quiz has been taken 10 times
  • The average score is 11 of 17
Answer Stats
Actor Character % Correct
Michael Douglas Hank Pym
100%
Evangeline Lilly Hope Van Dyne / Wasp
100%
Jonathan Majors Kang the Conquerer
100%
Paul Rudd Scott Lang / Ant-Man
100%
Kathryn Newton Cassie Lang / Stinger
88%
Michelle Pfeiffer Janet Van Dyne
88%
Tom Hiddleston Loki
88%
Corey Stoll Darren Cross / Yellowjacket / MODOK
75%
Randall Park Jimmy Woo
63%
Owen Wilson Mobius
63%
William Jackson Harper Quaz
50%
David Dastmalchian Veb
50%
Johnathan Majors Pharaoh Rama Tut
38%
Jonathan Majors Immortus Kang
25%
Katy M. O'Brian Jentorra
25%
Jonathan Majors Scarlet Centurion
25%
Gregg Turkington Dale
13%
No matching quizzes found
Score Distribution
Percent of People with Each Score
Percentile by Number Answered
Your Score History
You have not taken this quiz